000 00622nam a2200253Ia 4500
003 OSt
005 20221007100404.0
006 a|||||r|||| 00| 0
007 ta
008 221006b |||||||| |||| 00| 0 eng d
024 _a4,332
037 _cTextual
040 _aLCO
_cLCO
_beng
041 _2eng
_aeng
082 _aZ3,211, L9
100 _aRIDDALL J G
_9445888
245 0 _aIntroduction to land law
250 _a2
260 _aLondon
_bButterworth
_c1979
300 _a404
650 _aLAND LAW
_9701589
942 _hZ3,211, L9
_cTEXL
999 _c1173895
_d1173895